Journal of contemporary communication (Record no. 38375)
[ view plain ]
| 000 -LEADER | |
|---|---|
| fixed length control field | 00464nam a2200169Ia 4500 |
| 022 ## - INTERNATIONAL STANDARD SERIAL NUMBER | |
| ISSN | 23543752 |
| 050 ## - CALL MARK | |
| Classification number | P 43 .J66/ |
| 245 #0 - TITLE STATEMENT | |
| Title | Journal of contemporary communication |
| 260 ## - PUBLICATION, DISTRIBUTION, ETC. (IMPRINT) | |
| Place of publication | Enugu, Nigeri |
| 260 ## - PUBLICATION, DISTRIBUTION, ETC. (IMPRINT) | |
| Name of publisher | Centre for research, communication and development |
| 260 ## - PUBLICATION, DISTRIBUTION, ETC. (IMPRINT) | |
| Year of publication | 2012 |
| 300 ## - PHYSICAL DESCRIPTION | |
| Number of Pages | vii. 236 p. ill. ; 28 cm. |
| 650 ## - SUBJECT ADDED ENTRY--TOPICAL TERM | |
| Topical Term | communication development |
| 942 ## - ADDED ENTRY ELEMENTS (KOHA) | |
| Koha item type | Serials |
No items available.